Sketching : (Record no. 353002)
[ view plain ]
| 000 -LEADER | |
|---|---|
| fixed length control field | 01284 a2200289 4500 |
| 003 - CONTROL NUMBER IDENTIFIER | |
| control field | OSt |
| 005 - DATE AND TIME OF LATEST TRANSACTION | |
| control field | 20180116192353.0 |
| 008 - FIXED-LENGTH DATA ELEMENTS--GENERAL INFORMATION | |
| fixed length control field | 120601t xxu||||| |||| 00| 0 eng d |
| 020 ## - INTERNATIONAL STANDARD BOOK NUMBER | |
| International Standard Book Number | 9789063691714 (hardcover) |
| 020 ## - INTERNATIONAL STANDARD BOOK NUMBER | |
| International Standard Book Number | 9789063691714 (hardcover) |
| 040 ## - CATALOGING SOURCE | |
| Transcribing agency | 0 |
| 082 04 - DEWEY DECIMAL CLASSIFICATION NUMBER | |
| Classification number | 745.2 |
| 100 1# - MAIN ENTRY--PERSONAL NAME | |
| Personal name | Eissen, Koos. |
| 9 (RLIN) | 3256 |
| 245 10 - TITLE STATEMENT | |
| Title | Sketching : |
| Remainder of title | drawing techniques for product designers / |
| Statement of responsibility, etc. | Koos Eissen, Roselien Steur. |
| 260 ## - PUBLICATION, DISTRIBUTION, ETC. | |
| Place of publication, distribution, etc. | Amsterdam : |
| Name of publisher, distributor, etc. | BIS Publishers, |
| Date of publication, distribution, etc. | 2007. |
| 300 ## - PHYSICAL DESCRIPTION | |
| Extent | 256 p. : |
| Other physical details | ill. ; |
| Dimensions | 28 cm. |
| 490 1# - SERIES STATEMENT | |
| Series statement | 5th printing. |
| 520 ## - SUMMARY, ETC. | |
| Summary, etc. | Sketching is an incredibly broad and practical survey of sketching techniques for product designers. It goes without saying that the book is suited for the classroom, but every design studio will also find this manual an asset, because in spite of the ascendancy of the computer, hand-drawn sketches are still a very much used. |
| 650 10 - SUBJECT ADDED ENTRY--TOPICAL TERM | |
| Topical term or geographic name entry element | Industrial design |
| 9 (RLIN) | 3257 |
| 650 10 - SUBJECT ADDED ENTRY--TOPICAL TERM | |
| Topical term or geographic name entry element | Commercial art |
| 9 (RLIN) | 3258 |
| 650 10 - SUBJECT ADDED ENTRY--TOPICAL TERM | |
| Topical term or geographic name entry element | Drawing |
| General subdivision | Technique |
| 9 (RLIN) | 3259 |
| 700 1# - ADDED ENTRY--PERSONAL NAME | |
| Personal name | Steur, Roselien. |
| 9 (RLIN) | 3260 |
| 830 #0 - SERIES ADDED ENTRY--UNIFORM TITLE | |
| Uniform title | 5th printing. |
| 9 (RLIN) | 3261 |
| 856 40 - ELECTRONIC LOCATION AND ACCESS | |
| Materials specified | Amazon.com |
| Uniform Resource Identifier | <a href="http://www.amazon.com/exec/obidos/ASIN/9063691718/chopaconline-20">http://www.amazon.com/exec/obidos/ASIN/9063691718/chopaconline-20</a> |
| 942 ## - ADDED ENTRY ELEMENTS (KOHA) | |
| Institution code [OBSOLETE] | SADA |
| Koha item type | Book |
| Call number prefix | 745.2 EIS 2009 |
| Source of classification or shelving scheme | |
| Withdrawn status | Lost status | Source of classification or shelving scheme | Damaged status | Not for loan | Permanent Location | Current Location | Date acquired | Total Checkouts | Total Renewals | Full call number | Barcode | Date last seen | Date last checked out | Cost, replacement price | Price effective from | Koha item type |
|---|---|---|---|---|---|---|---|---|---|---|---|---|---|---|---|---|
| School of Art Design and Architecture (SADA) | School of Art Design and Architecture (SADA) | 04/19/2011 | 15 | 8 | 745.2 EIS 2009 | SADA0000994 | 01/29/2026 | 01/12/2026 | 3633.00 | 08/05/2011 | Book |
